|
|
|
|
| LEADER |
01416nam a22003255i 4500 |
| 001 |
36702 |
| 003 |
BD-DhAAL |
| 005 |
20211124131249.0 |
| 008 |
191121t2018 maua b 000 0 eng |
| 999 |
|
|
|c 41045
|d 41045
|
| 010 |
|
|
|a 2018935454
|
| 020 |
|
|
|a 9783110587470 (hardcover)
|
| 020 |
|
|
|a 9783110587548 (v. 3 : hbk.)
|
| 020 |
|
|
|a 9783110587555 (v. 4 : hbk.)
|
| 040 |
|
|
|a DLC
|b eng
|e rda
|c DLC
|d BD-DhAAL
|
| 042 |
|
|
|a pcc
|
| 082 |
|
|
|a 660.2
|2 23
|
| 100 |
|
|
|a Tadros, Tharwat F.
|9 37540
|
| 245 |
0 |
0 |
|a Formulation science and technology /
|n Volume 3 : pharmaceutical, cosmetic and personal care formulations
|c Tharwat F. Tadros
|
| 260 |
|
|
|a Boston/Berlin, MA :
|b Walter de Gruyter,
|c 2018
|
| 300 |
|
|
|a xi, 351 pages :
|b illustrations ;
|c 25 cm.
|
| 504 |
|
|
|a Includes bibliographical references and index.
|
| 526 |
|
|
|a PHR
|
| 541 |
|
|
|a Trim Education
|e 36702. 36703
|
| 650 |
|
|
|a Chemistry, Technical.
|9 37541
|
| 650 |
|
|
|a Pharmacy.
|9 43089
|
| 852 |
|
|
|a Ayesha Abed Library
|c General Stacks
|
| 942 |
|
|
|2 ddc
|c BK
|
| 952 |
|
|
|0 0
|1 0
|2 ddc
|4 0
|6 660_200000000000000_TAD
|7 0
|9 67125
|a BRACUL
|b BRACUL
|c GEN
|d 2019-11-13
|e Trim Education
|g 17439.00
|l 1
|m 1
|o 660.2 TAD
|p 3010036703
|r 2025-09-15
|s 2025-09-09
|t 2
|v 17439.00
|w 2019-11-13
|y BK
|
| 952 |
|
|
|0 0
|1 0
|2 ddc
|4 0
|6 660_200000000000000_TAD
|7 0
|9 67126
|a BRACUL
|b BRACUL
|c GEN
|d 2019-11-13
|e Trim Education
|g 17439.00
|l 1
|o 660.2 TAD
|p 3010036702
|r 2025-09-15
|s 2025-09-09
|t 1
|v 17439.00
|w 2019-11-13
|y BK
|